| 000 | 00539nam a2200181 i 4500 | ||
|---|---|---|---|
| 001 | 90807 | ||
| 003 | ES-MaACL | ||
| 005 | 20230906180551.0 | ||
| 007 | t| | ||
| 008 | 050125s1972 sp |||| | spa d | ||
| 100 | 1 |
_aLe Clézio, Jean-Marie Gustave. _9148063 |
|
| 245 | 1 | 3 |
_aLa guerra / _cJean Marie G. Le Clézio ; [traducción de Rodolfo Hinostroza]. |
| 250 | _a1ª ed. | ||
| 260 |
_a[Barcelona] : _bSeix Barral, _c1972. |
||
| 300 |
_a278 p., 8 lám. ; _c20 cm. |
||
| 700 | 1 |
_aHinostroza, Rodolfo. _963780 |
|
| 852 |
_aES-MaACL _jC-42456 |
||
| 999 |
_c90807 _d90807 |
||